000 01413nam a22003977a 4500
003 CHAP
005 20260212092411.0
008 971010s1973 r 00010 d
010 _a65462
011 _a66434
035 _a74545
040 _cCHAP
090 _aTesis
100 1 0 _aVizcaíno Curiel, Pedro Alonso
_9120203
245 _aPlantas móviles agroindustriales; proyecto de organización y funcionamiento para frutas
260 _aChapingo, Méx. :
_bEl autor,
_c[1973]
300 _a231 h. ilus. planos
502 _aTesis (Ing. Agr. Esp. en Industrias Agrícolas) -- ENA. Departamento de Industrias Agrícolas
590 _aALEPH
_b10
_c20130110
_lUCH01
_h1357
590 _aBATCH-UPD
_b10
_c20130110
_lUCH01
_h1250
590 _aBATCH-UPD
_b10
_c20130410
_lUCH01
_h0813
590 _aBATCH-UPD
_b10
_c20130914
_lUCH01
_h1445
590 _aCONVERSION
_b10
_c20130109
_lUCH01
_h1336
650 1 4 _aFruta
_xEmpaque.
_943610
650 1 4 _aFruta
_xIndustria.
_943625
650 1 4 _aIndustrias agrícolas.
_957925
901 _aBK
942 _cFOLL
949 _bBC
_cTES
_d-154052
_eTS1
_i74545
_si
949 _bBC
_cTES
_d33724000598629
_eTS2
_fc.2
_i74545
_si
949 _bIA
_cTES
_d-66083
_eTS2
_fc.2
_i74545
_si
949 _bIA
_cTES
_d-66084
_eTS2
_fc.3
_i74545
_si
949 _bIA
_cTES
_d-66085
_eTS2
_fc.4
_i74545
_si
949 _bIA
_cTES
_d-66086
_eTS2
_fc.5
_i74545
_si
949 _bIA
_cTES
_d-7415
_eTS1
_i74545
_si
999 _c65462
_d65462